C.N. Sreekantan Nair: (Record no. 27429)

MARC details
000 -LEADER
fixed length control field 00919naa a2200241 4500
005 - DATE AND TIME OF LATEST TRANSACTION
control field 20090613153316.0
008 - FIXED-LENGTH DATA ELEMENTS--GENERAL INFORMATION
fixed length control field 080827t xxu||||| |||| 00| 0beng d
010 ## - LCCN (DPL NO)
LC control number ENG-93978
020 ## - INTERNATIONAL STANDARD BOOK NUMBER
International Standard Book Number 8126023775
Terms of availability 100.00
035 ## - SYSTEM CONTROL NUMBER
System control number EN-77511
037 ## - SOURCE OF ACQUISITION
Source of stock number/acquisition DBAD / PUB
040 ## - CATALOGING SOURCE
Original cataloging agency dpl
Language of cataloging English
082 ## - DEWEY DECIMAL CLASSIFICATION NUMBER
Classification number 792.092
100 ## - MAIN ENTRY--PERSONAL NAME
Personal name Pillai, Abhilash
245 ## - TITLE STATEMENT
Title C.N. Sreekantan Nair:
Statement of responsibility, etc by Abhilash Pillai
Remainder of title (vision & mission of a theatre activist) /
260 ## - PUBLICATION, DISTRIBUTION, ETC. (IMPRINT)
Place of publication, distribution, etc New Delhi
Name of publisher, distributor, etc Sahitya Akademi
Date of publication, distribution, etc 2007
270 ## - ADDRESS
Address Rabindra Bhavan, 35, Ferozeshah Road,
City New Delhi
Postal code 110 001
300 ## - PHYSICAL DESCRIPTION
Extent 232p.
Dimensions 20cm(pbk)
500 ## - GENERAL NOTE
General note Includes references
600 ## - SUBJECT ADDED ENTRY--PERSONAL NAME
Personal name Nair, C.N. Sreekantan
General subdivision Biography
942 ## - ADDED ENTRY ELEMENTS (KOHA)
Institution code [OBSOLETE] dpl
Item type English Books
Source of classification or shelving scheme Dewey Decimal Classification
Call number suffix PIL
Classification part 792.092
Holdings
Withdrawn status Lost status Source of classification or shelving scheme Damaged status Not for loan Home library Current library Date acquired Source of acquisition Cost, normal purchase price Total Checkouts Full call number Barcode Date last seen Copy number Cost, replacement price Koha item type
    Dewey Decimal Classification   Not For Loan D.B.Act.Division D.B.Act.Division 13/06/2009 DBAD / PUB 100.00   792.092 PIL EN-77511 13/06/2009 1 100.00 English Books

© Delhi Public Library
Hit Counter
free hit counter